<?xml version="1.0" encoding="UTF-8"?>
<record
    xmlns:xsi="http://www.w3.org/2001/XMLSchema-instance"
    xsi:schemaLocation="http://www.loc.gov/MARC21/slim http://www.loc.gov/standards/marcxml/schema/MARC21slim.xsd"
    xmlns="http://www.loc.gov/MARC21/slim">

  <leader>01194cam a22002531  4500</leader>
  <controlfield tag="001"> 84958</controlfield>
  <controlfield tag="003">BD-RjUL</controlfield>
  <controlfield tag="005">20250520112703.0</controlfield>
  <controlfield tag="008">950620s1969    ii       b    000 0 urdo </controlfield>
  <datafield tag="035" ind1=" " ind2=" ">
    <subfield code="a">(BD-RjUL) 84958</subfield>
  </datafield>
  <datafield tag="040" ind1=" " ind2=" ">
    <subfield code="a">DLC</subfield>
    <subfield code="c">CU</subfield>
    <subfield code="d">CU</subfield>
    <subfield code="d">DLC</subfield>
    <subfield code="b">eng</subfield>
  </datafield>
  <datafield tag="041" ind1=" " ind2=" ">
    <subfield code="a">eng</subfield>
  </datafield>
  <datafield tag="082" ind1=" " ind2=" ">
    <subfield code="2">23</subfield>
    <subfield code="a">891.43913</subfield>
    <subfield code="b">FAT 1969</subfield>
  </datafield>
  <datafield tag="100" ind1="1" ind2=" ">
    <subfield code="a"> &#x641;&#x627;&#x631;&#x648;&#x642;&#x649;&#x60C; &#x646;&#x62B;&#x627;&#x631; &#x627;&#x62D;&#x645;&#x62F;F&#x101;r&#x16B;q&#x12B;, Nis&#x332;&#x101;r A&#x1E25;mad,</subfield>
    <subfield code="d">1936-</subfield>
    <subfield code="9">15612</subfield>
  </datafield>
  <datafield tag="245" ind1="1" ind2="0">
    <subfield code="a">&#x62A;&#x644;&#x627;&#x634; &#x63A;&#x627;&#x644;&#x628; : &#x64A;&#x639;&#x646;&#x649; &#x645;&#x631;&#x632;&#x627; &#x63A;&#x627;&#x644;&#x628; &#x643;&#x6D2; &#x62A;&#x64A;&#x631;&#x647; &#x63A;&#x64A;&#x631; &#x645;&#x637;&#x628;&#x648;&#x639;&#x647; &#x62E;&#x637;&#x648;&#x637;&#x60C; &#x646;&#x648; &#x62F;&#x631;&#x64A;&#x627;&#x641;&#x62A; &#x643;&#x644;&#x627;&#x645;&#x60C; &#x627;&#x648;&#x631; &#x641;&#x643;&#x631; &#x648; &#x641;&#x646; &#x67E;&#x631; &#x62A;&#x62D;&#x642;&#x64A;&#x642;&#x649; &#x645;&#x636;&#x627;&#x645;&#x64A;&#x646; &#x643;&#x627; &#x645;&#x62C;&#x645;&#x648;&#x639;&#x647; / Tal&#x101;sh-i G&#x332;h&#x332;&#x101;lib : y&#x101;&#x2BB;n&#x12B; Mirz&#x101; G&#x332;h&#x332;&#x101;lib ke tairah g&#x332;h&#x332;air mat&#x324;b&#x16B;&#x2BB;ah k&#x332;h&#x332;ut&#x324;&#x16B;t&#x324;, nau dary&#x101;ft kal&#x101;m, aur fikr o fann par ta&#x1E25;q&#x12B;q&#x12B; maz&#x324;&#x101;m&#x12B;n k&#x101; majm&#x16B;&#x2BB;ah /</subfield>
    <subfield code="c">:&#x646;&#x62B;&#x627;&#x631; &#x627;&#x62D;&#x645;&#x62F; &#x641;&#x627;&#x631;&#x648;&#x642;&#x649;.,:Nathar Ahmed Faruqi.,</subfield>
  </datafield>
  <datafield tag="260" ind1=" " ind2=" ">
    <subfield code="c">[1969]</subfield>
    <subfield code="a">Lahore : </subfield>
    <subfield code="b">Kitabat, </subfield>
  </datafield>
  <datafield tag="300" ind1=" " ind2=" ">
    <subfield code="a">6, 269 p.</subfield>
    <subfield code="c">22 cm.</subfield>
  </datafield>
  <datafield tag="500" ind1=" " ind2=" ">
    <subfield code="a">In Urdu.</subfield>
  </datafield>
  <datafield tag="500" ind1=" " ind2=" ">
    <subfield code="a">Includes some poems in Persian.</subfield>
  </datafield>
  <datafield tag="504" ind1=" " ind2=" ">
    <subfield code="a">Includes bibliographical references.</subfield>
  </datafield>
  <datafield tag="600" ind1="1" ind2="0">
    <subfield code="a">Ghalib, Mirza Asadullah Khan,</subfield>
    <subfield code="d">1797-1869.</subfield>
  </datafield>
  <datafield tag="700" ind1="1" ind2=" ">
    <subfield code="a">Ghalib, Mirza Asadullah Khan,</subfield>
    <subfield code="d">1797-1869.</subfield>
  </datafield>
  <datafield tag="942" ind1=" " ind2=" ">
    <subfield code="2">ddc</subfield>
    <subfield code="c">BK</subfield>
  </datafield>
  <datafield tag="999" ind1=" " ind2=" ">
    <subfield code="c">84958</subfield>
    <subfield code="d">84958</subfield>
  </datafield>
  <datafield tag="952" ind1=" " ind2=" ">
    <subfield code="0">0</subfield>
    <subfield code="1">0</subfield>
    <subfield code="2">ddc</subfield>
    <subfield code="4">0</subfield>
    <subfield code="7">1</subfield>
    <subfield code="8">NFIC</subfield>
    <subfield code="a">RUCL</subfield>
    <subfield code="b">RUCL</subfield>
    <subfield code="c">Reading</subfield>
    <subfield code="d">0000-00-00</subfield>
    <subfield code="e">feroz &amp; sons</subfield>
    <subfield code="g">16.00</subfield>
    <subfield code="l">0</subfield>
    <subfield code="o">U 891.43913 FAT 1969</subfield>
    <subfield code="r">2025-05-20 00:00:00</subfield>
    <subfield code="t">C-1</subfield>
    <subfield code="w">2025-05-20</subfield>
    <subfield code="y">BK</subfield>
  </datafield>
</record>
